000 003100000a22001450004500
003 MACL
040 _aMACL
090 _c8516
_d8515
100 _aPande, Govind Chandra
245 _aConsciousness Value Culture
260 _bRaka Prakashan
_c2006
350 _a595
650 _aPhilosophy
942 _cBOOK
_k100
999 _c8462
_d8462